Statistics for Shared Suffixes

Click here to take the quiz!

General Stats

  • This quiz has been taken 145 times
  • The average score is 16 of 22

Answer Stats

HintAnswer% Correct
Institu, Abbrievia, Transition
97%
Insecti, Pesti, Homicide
96%
Seren, Activ, Possibility
96%
Circ, Musc, Irregular
95%
Poly, Hexa, Pentagon
93%
Happi, Helpful, Heaviness
93%
Free, King, Wisdom
90%
Owner, Friend, Fellowship
89%
Father, Child, Neighborhood
87%
Techno, Geo, Psycology
87%
Effort, Age, Lawless
85%
Subst, Brilli, Annoyance
81%
Abomin, Present, Dispic,able
78%
Meteor, Dermat, Topology
78%
Intens, Satis, Mortify
71%
Addi, Multi, Solitude
67%
Other, Clock, Lengthwise
63%
Theo, Demo, Autocracy
62%
Bi, Tri, Recycle
52%
Works, Alco, Catholic
39%
Be, Soft, Hardware
21%
Social, Familiar, Realization
13%

Score Distribution

Percentile by Number Answered

Percent of People with Each Score

Your Score History

You have not taken this quiz